Une croisière sur le Nil, Khartoum-Gondokoro /

محفوظ في:

المؤلف الرئيسي: D'Albertis, E. A.‪ 1846-1932. (مؤلف)

التنسيق: كتاب

اللغة: French

منشور في: Le Caire : F. Diemer, 1908.

سلاسل: Harvard College Library preservation microfilm program ; 02786.

الموضوعات:

الوسوم: إضافة وسم

لا توجد وسوم, كن أول من يضع وسما على هذه التسجيلة!

رقم الطلب: DT159.6 .B33 D35

LEADER 00905nam a22002537a 4500
003 OSt
005 20260419101020.0
008 260419t1908 ua abf 000 0 fre d
040 |c ARCE Library 
043 |a f-ua---  |a f-sj--- 
050 1 4 |a DT159.6 .B33  |b D35 
100 1 |a D'Albertis, E. A.‪  |q (Enrico Alberto),  |d 1846-1932.  |e author 
245 1 4 |a Une croisière sur le Nil, Khartoum-Gondokoro /   |c E. A. d'Albertis. 
264 1 |a Le Caire :   |b F. Diemer,   |c 1908. 
300 |a 262 p., [1] leaf of plates :   |b illustrations, maps (1 col.) ;   |c 24 cm. 
490 1 |a Harvard College Library preservation microfilm program ;   |v 02786. 
555 |a wafaa.lib 
651 0 |a Egypt  |x Description and travel. 
651 0 |a Sudan  |x Description and travel. 
651 0 |a Nile River. 
830 0 |a Harvard College Library preservation microfilm program ;   |v 02786. 
901 |a reviewed 
942 |c BK  |2 lcc 
999 |c 21441  |d 21441